[Event "61st World Juniors 2024"]
[Site "Gandhinagar IND"]
[Date "2024.06.03"]
[Round "2.36"]
[White "Ang, Ern Jie Anderson"]
[Black "Mrinmoy Rajkhowa"]
[Result "1-0"]
[WhiteTitle "CM"]
[WhiteElo "2198"]
[BlackElo "1942"]
[WhiteFideId "5736200"]
[BlackFideId "25603426"]
[EventDate "2024.06.02"]

1. d4 Nf6 2. c4 g6 3. g3 Bg7 4. Bg2 O-O 5. Nc3 d6 6. Nf3 c5 7. O-O Nc6 8. dxc5
dxc5 9. Be3 Be6 10. Qa4 Qa5 11. Nd2 Qb6 12. Qb5 Rad8 13. Bxc5 Qxb5 14. cxb5 Rxd2
15. bxc6 Nd5 16. Bxd5 Bxd5 17. Be3 Bxc3 18. Bxd2 Bxd2 19. Rfd1 bxc6 20. Rxd2 e5
21. f3 f5 22. b4 Rb8 23. Rb1 Kf7 24. a4 Ke6 25. h4 h5 26. Kf2 a6 27. Rdb2 e4 28.
b5 axb5 29. axb5 exf3 30. exf3 cxb5 31. Rxb5 Rd8 32. Re1+ Kf6 33. Rd1 Ke5 34.
Ke3 Rd6 35. Ra5 Rd7 36. Ra6 Rd6 37. Rxd6 Kxd6 38. Kf4 Ke6 39. Rxd5 Kxd5 40. Kg5
Ke5 41. Kxg6 f4 42. gxf4+ Kxf4 43. Kxh5 Kxf3 44. Kg6 1-0

[Event "61st World Juniors 2024"]
[Site "Gandhinagar IND"]
[Date "2024.06.03"]
[Round "2.37"]
[White "Stribuk, Artiom"]
[Black "Eugen Mehul Shah"]
[Result "1-0"]
[WhiteTitle "IM"]
[WhiteElo "2422"]
[BlackElo "1744"]
[WhiteFideId "13515659"]
[BlackFideId "33444552"]
[EventDate "2024.06.02"]

1. c4 Nf6 2. g3 g6 3. Bg2 Bg7 4. Nc3 O-O 5. d4 d6 6. h3 e5 7. Nf3 Nc6 8. Be3 Bf5
9. dxe5 dxe5 10. g4 Be6 11. Qa4 Bd7 12. Qc2 Nd4 13. Nxd4 Nxg4 14. Nf3 Nxe3 15.
fxe3 c6 16. O-O-O Qe7 17. h4 Bh6 18. Kb1 Bxe3 19. Nxe5 Bf5 20. Nd3 Qe6 21. Qb3
Rab8 22. c5 Qd7 23. Ne4 Qe7 24. Nd6 Bg4 25. Bf3 Be6 26. Qc3 b6 27. Ne5 Bxc5 28.
Nxc6 Qxd6 29. Rxd6 Bxd6 30. Nxb8 Rxb8 31. h5 Bf8 32. hxg6 Bg7 33. gxf7+ Bxf7 34.
Rg1 Bg6+ 35. Rxg6 hxg6 36. Bd5+ Kh7 37. Qh3+ Bh6 38. Qd7+ Kh8 39. e4 Bf4 40. Qf7
g5 41. Qg6 g4 42. Qh5+ Kg7 43. Qxg4+ Kh7 44. Qxf4 Rd8 45. Qh4+ Kg7 46. Qxd8 b5
47. Qg5+ Kf8 48. Qf6+ Ke8 49. Bc6# 1-0

[Event "61st World Juniors 2024"]
[Site "Gandhinagar IND"]
[Date "2024.06.03"]
[Round "2.38"]
[White "Jihan Tejas Shah"]
[Black "Mishra, Abhimanyu"]
[Result "0-1"]
[BlackTitle "GM"]
[WhiteElo "1956"]
[BlackElo "2627"]
[WhiteFideId "33370109"]
[BlackFideId "30920019"]
[EventDate "2024.06.02"]

1. d4 d5 2. c4 e6 3. Nc3 c6 4. e4 dxe4 5. Nxe4 Bb4+ 6. Bd2 Qxd4 7. Bxb4 Qxe4+ 8.
Be2 Na6 9. Ba5 b6 10. Qd6 e5 11. Rd1 Bf5 12. Bc3 Ne7 13. Qxe5 Qxe5 14. Bxe5 O-O
15. Nf3 Rfe8 16. Rd2 Ng6 17. Bg3 Nb4 18. a3 Nd3+ 19. Kd1 Rad8 20. Bxd3 Bxd3 21.
Kc1 Bxc4 22. Rxd8 Rxd8 23. Nd2 Bd5 24. f3 f6 25. Re1 Kf7 26. Kc2 Nf8 27. Kc3 Ne6
28. b4 c5 29. Nf1 cxb4+ 30. axb4 Rc8+ 31. Kb2 Rc4 32. Bd6 Rd4 33. Ne3 Bxf3 34.
Bb8 Bxg2 35. Bxa7 Rxb4+ 36. Kc3 Ra4 37. Bxb6 Bh3 0-1

[Event "61st World Juniors 2024"]
[Site "Gandhinagar IND"]
[Date "2024.06.03"]
[Round "2.39"]
[White "Swarna Nihal"]
[Black "Srihari, L R"]
[Result "0-1"]
[BlackTitle "IM"]
[WhiteElo "1949"]
[BlackElo "2495"]
[WhiteFideId "25683640"]
[BlackFideId "46617116"]
[EventDate "2024.06.02"]

1. d4 Nf6 2. c4 e6 3. Nf3 d5 4. g3 Bb4+ 5. Bd2 Be7 6. Bg2 Ne4 7. O-O c6 8. Nc3
f5 9. Bf4 Nd7 10. Ne5 O-O 11. Qc2 Nxe5 12. Bxe5 Nd6 13. cxd5 exd5 14. f3 Nc4 15.
Nd1 Nxe5 16. dxe5 f4 17. gxf4 Rxf4 18. e3 Rc4 19. Qe2 Rh4 20. Rc1 Qe8 21. Nf2
Rh6 22. h3 Bd8 23. f4 Bb6 24. Rfe1 Qe7 25. a4 a5 26. Qf3 Rg6 27. Kh2 0-1

[Event "61st World Juniors 2024"]
[Site "Gandhinagar IND"]
[Date "2024.06.03"]
[Round "2.40"]
[White "Ozenir, Ekin Baris"]
[Black "Ayushh, Ravikumar"]
[Result "1-0"]
[WhiteTitle "IM"]
[BlackTitle "FM"]
[WhiteElo "2390"]
[BlackElo "1950"]
[WhiteFideId "6357415"]
[BlackFideId "35039482"]
[EventDate "2024.06.02"]

1. d4 d5 2. c4 c6 3. Nf3 Nf6 4. e3 Bf5 5. Nc3 e6 6. Nh4 Bg4 7. Qb3 Qb6 8. h3 Bh5
9. g4 Bg6 10. Nxg6 hxg6 11. Bg2 Nbd7 12. Bd2 Qa6 13. cxd5 exd5 14. g5 Nh7 15. e4
dxe4 16. Nxe4 Qb6 17. Qg3 Be7 18. O-O-O Nhf8 19. Bc3 Ne6 20. d5 cxd5 21. Rxd5
Ndc5 22. h4 Nxe4 23. Bxe4 Bb4 24. Be5 Rd8 25. Kb1 Bc5 26. f4 Bd4 27. Bxd4 Nxd4
28. Rxd8+ Qxd8 29. Rd1 Qb6 30. Qd3 Rxh4 31. Qxd4 Qxd4 32. Rxd4 b6 33. Bc6+ Ke7
34. a3 f6 35. Rd7+ Ke6 36. Rxg7 fxg5 37. Rxg6+ Kf5 38. Rxg5+ Kxf4 39. Rg7 1-0

[Event "61st World Juniors 2024"]
[Site "Gandhinagar IND"]
[Date "2024.06.03"]
[Round "2.41"]
[White "De Silva, L M S T"]
[Black "Vihaan Karthikeya N"]
[Result "1-0"]
[WhiteTitle "IM"]
[WhiteElo "2364"]
[BlackElo "1936"]
[WhiteFideId "9953698"]
[BlackFideId "25950673"]
[EventDate "2024.06.02"]

1. e4 c5 2. Nf3 e6 3. b3 d5 4. Bb5+ Bd7 5. Bxd7+ Nxd7 6. exd5 exd5 7. O-O Ngf6
8. Re1+ Be7 9. Qe2 Nf8 10. Ne5 a6 11. Ba3 Qd6 12. d4 b6 13. dxc5 bxc5 14. Nc3
Ne6 15. Rad1 O-O 16. Na4 1-0

[Event "61st World Juniors 2024"]
[Site "Gandhinagar IND"]
[Date "2024.06.03"]
[Round "2.42"]
[White "Pozzari, Simone"]
[Black "Arshpreet Singh"]
[Result "1-0"]
[WhiteTitle "FM"]
[WhiteElo "2276"]
[BlackElo "1932"]
[WhiteFideId "2831282"]
[BlackFideId "25902113"]
[EventDate "2024.06.02"]

1. d4 Nf6 2. c4 e6 3. Nf3 d5 4. g3 Be7 5. Bg2 O-O 6. O-O dxc4 7. Na3 c5 8. Nxc4
b5 9. Nce5 Bb7 10. dxc5 Bxc5 11. Qxd8 Rxd8 12. Nxf7 Rf8 13. N7g5 Re8 14. Ne5 Bd5
15. e4 Bb7 16. Nd3 Bd4 17. e5 Nd5 18. Nf4 Bxe5 19. Ngxe6 Nd7 20. Rd1 Nxf4 21.
Bxb7 Rab8 22. Rxd7 Nxe6 23. Be3 Bxb2 24. Rb1 Bd4 25. Rxb5 Bxe3 26. fxe3 h5 27.
Re5 Nf8 28. Bd5+ Kh7 29. Rxe8 Rxe8 30. Rxa7 Rxe3 1-0

[Event "61st World Juniors 2024"]
[Site "Gandhinagar IND"]
[Date "2024.06.03"]
[Round "2.43"]
[White "Jani, Kushal R"]
[Black "Arul Prakash N"]
[Result "1-0"]
[WhiteElo "2192"]
[BlackElo "1907"]
[WhiteFideId "25679988"]
[BlackFideId "45061114"]
[EventDate "2024.06.02"]

1. e4 c5 2. Nf3 d6 3. Bb5+ Nd7 4. c3 Nf6 5. Qe2 a6 6. Ba4 b5 7. Bc2 Bb7 8. d4 g6
9. O-O Bg7 10. Rd1 cxd4 11. cxd4 O-O 12. a4 Qc7 13. Bd3 e5 14. d5 Nc5 15. axb5
Nb3 16. b6 Qc8 17. Be3 Nxa1 18. Rc1 Qe8 19. Nbd2 Bxd5 20. Rxa1 Bb7 21. Nc4 Qe7
22. Na5 d5 23. Nxb7 dxe4 24. Bxe4 Nxe4 25. Na5 Nc5 26. Rc1 Nd7 27. b7 Rae8 28.
Qxa6 Qb4 29. b3 e4 30. Nd2 Kh8 31. Nc6 Qd6 32. Qb5 f5 33. Nc4 Qc7 34. Bd2 h6 35.
g3 Re6 36. N4a5 g5 37. Nd4 Qb6 38. Qxd7 Rd6 39. Rc6 Qxa5 40. Qxd6 Qa1+ 41. Rc1
Qa7 42. Ne6 Rg8 43. Nxg7 1-0

[Event "61st World Juniors 2024"]
[Site "Gandhinagar IND"]
[Date "2024.06.03"]
[Round "2.44"]
[White "Dishank Sachin Bajaj"]
[Black "Sushanth, Kamabathula"]
[Result "0-1"]
[WhiteElo "1893"]
[BlackElo "2131"]
[WhiteFideId "25953036"]
[BlackFideId "25712667"]
[EventDate "2024.06.02"]

1. e4 c5 2. Nf3 d6 3. Bb5+ Nd7 4. O-O a6 5. Bxd7+ Bxd7 6. c3 Nf6 7. Re1 e6 8. d4
cxd4 9. cxd4 d5 10. exd5 Nxd5 11. Nc3 Nxc3 12. bxc3 Bd6 13. Qb3 Bc6 14. Bg5 Qd7
15. Ne5 Bxe5 16. Rxe5 O-O 17. Bd2 Rac8 18. Rae1 Bd5 19. Qc2 f5 20. f3 Qc6 21.
Rb1 Rf6 22. Rb4 Qd6 23. Qb2 b5 24. a4 Bc4 25. Bf4 Qd7 26. axb5 axb5 27. Qa3 Qb7
28. Rb1 Rg6 29. Kf2 Ra8 30. Qb4 Ra2+ 31. Rb2 Qa8 32. Re1 Qa4 33. Rb1 Rxb2+ 34.
Qxb2 Qa8 35. Ra1 Qd8 36. Qb4 h5 37. Qc5 Qh4+ 38. Bg3 Qg5 39. Qc8+ Kh7 40. Rf1 f4
41. Ra1 fxg3+ 42. Ke1 Qe3+ 43. Kd1 Bb3# 0-1

[Event "61st World Juniors 2024"]
[Site "Gandhinagar IND"]
[Date "2024.06.03"]
[Round "2.45"]
[White "Alekhya, Mukhopadhyay"]
[Black "Jyotshnav Talukdar"]
[Result "1-0"]
[WhiteElo "2130"]
[BlackElo "1898"]
[WhiteFideId "25600826"]
[BlackFideId "25924370"]
[EventDate "2024.06.02"]

1. e4 c6 2. d4 d5 3. f3 g6 4. Nc3 Bg7 5. Be3 Qb6 6. Qd2 Qxb2 7. Rb1 Qa3 8. exd5
Nf6 9. dxc6 bxc6 10. Bc4 Ba6 11. Qd3 Bxc4 12. Qxc4 O-O 13. Nge2 Nbd7 14. O-O Nb6
15. Qd3 Rfd8 16. Rfd1 Qa5 17. Nc1 Qf5 18. Qxf5 gxf5 19. N1e2 Nc4 20. Kf2 Nd5 21.
Nxd5 Rxd5 22. Bf4 Rad8 23. Bc7 Rc8 24. Bf4 Rcd8 25. Rb7 e5 26. Bg5 f6 27. Bh4
R5d7 28. Rxd7 Rxd7 29. Rd3 Rb7 30. Rb3 Rd7 31. Rc3 Na5 32. Rc5 Rd5 33. Rxd5 cxd5
34. Nc3 Nc6 35. Nxd5 Nxd4 36. c3 Nc6 37. Nxf6+ Kf7 38. Nd5 Ke6 39. Nc7+ Kd7 40.
Na6 Bf8 41. Ke2 1-0

[Event "61st World Juniors 2024"]
[Site "Gandhinagar IND"]
[Date "2024.06.03"]
[Round "2.46"]
[White "Mrithyunjay Mahadevan"]
[Black "Talgatov, Nazar"]
[Result "1-0"]
[WhiteTitle "CM"]
[WhiteElo "1867"]
[BlackElo "2108"]
[WhiteFideId "45003521"]
[BlackFideId "13743694"]
[EventDate "2024.06.02"]

1. e4 e5 2. Nf3 Nf6 3. d4 Nxe4 4. Bd3 d5 5. Nxe5 Nd7 6. Nxd7 Bxd7 7. O-O Bd6 8.
Nc3 Nxc3 9. bxc3 O-O 10. Qh5 f5 11. Re1 c6 12. Bg5 Qc7 13. c4 Bb4 14. Re3 Rf7
15. Rd1 Bf8 16. Qf3 Qa5 17. cxd5 Qxa2 18. dxc6 Bxc6 19. Qe2 Qd5 20. Qf1 b5 21.
c4 Qd7 22. cxb5 Bd5 23. Bf4 Rc8 24. Rc1 h6 25. Rxc8 Qxc8 26. Re5 Bb3 27. Qb1 Qc3
28. Re3 Bd5 29. Be5 Qd2 30. Qc2 Qa5 31. f3 g6 32. Bc4 Qa1+ 33. Kf2 Bxc4 34. Qxc4
g5 35. Qe6 f4 36. Re2 Qb1 37. Qc4 g4 38. fxg4 h5 39. Qc2 Qxc2 40. Rxc2 hxg4 41.
Rc7 Rf5 42. h3 gxh3 43. gxh3 f3 44. h4 Bh6 45. Rxa7 Be3+ 46. Kf1 1-0

[Event "61st World Juniors 2024"]
[Site "Gandhinagar IND"]
[Date "2024.06.03"]
[Round "2.47"]
[White "Bharadia Yash"]
[Black "Insara, S D Nadev"]
[Result "1-0"]
[WhiteTitle "CM"]
[WhiteElo "2100"]
[BlackElo "1874"]
[WhiteFideId "45087822"]
[BlackFideId "29932050"]
[EventDate "2024.06.02"]

1. e4 c5 2. Nf3 e6 3. d4 cxd4 4. Nxd4 Nf6 5. Nc3 Nc6 6. Ndb5 Bb4 7. a3 Bxc3+ 8.
Nxc3 d5 9. exd5 exd5 10. Bd3 O-O 11. O-O Bg4 12. f3 Qb6+ 13. Kh1 Bh5 14. Bg5 Ne4
15. Nxe4 dxe4 16. Bxe4 Qxb2 17. Qb1 Qb6 18. Qxb6 axb6 19. Rfb1 Bg6 20. Bxg6 hxg6
21. Rxb6 Nd4 22. a4 Nxc2 23. Ra2 Rfe8 24. h4 Rac8 25. Rxb7 Rc4 26. a5 f6 27. Bd2
Rc6 28. Ra4 Ra6 29. Re4 Rd6 30. Bh6 Ree6 31. Rxg7+ Kh8 32. Rxe6 Rxe6 33. Rxg6
Kh7 34. h5 Re5 35. g4 Rxa5 36. Rxf6 Ra2 37. Kg2 1-0

[Event "61st World Juniors 2024"]
[Site "Gandhinagar IND"]
[Date "2024.06.03"]
[Round "2.48"]
[White "Borkhetariya Devarsh M"]
[Black "Radojicic, Aleksandar M"]
[Result "0-1"]
[WhiteElo "1864"]
[BlackElo "2088"]
[WhiteFideId "25777033"]
[BlackFideId "979694"]
[EventDate "2024.06.02"]

1. e4 c5 2. Nf3 e6 3. d4 cxd4 4. Nxd4 a6 5. Bd3 Ne7 6. Bg5 Qc7 7. O-O Nbc6 8. c3
d6 9. Nd2 Ng6 10. Be3 e5 11. Nxc6 bxc6 12. Nc4 Be6 13. Qa4 Nf4 14. Rad1 Be7 15.
f3 O-O 16. Na5 Nxd3 17. Rxd3 Rac8 18. Nc4 Rb8 19. b3 f5 20. Qa5 Qxa5 21. Nxa5
Rfc8 22. Rd2 d5 23. exf5 Bxf5 24. b4 d4 25. Bxd4 exd4 26. Rxd4 c5 27. Rd5 Bg6
28. a3 Bf7 29. Rd7 Bf6 30. Nb7 Be8 31. Nxc5 Rxc5 0-1

[Event "61st World Juniors 2024"]
[Site "Gandhinagar IND"]
[Date "2024.06.03"]
[Round "2.49"]
[White "Jval Saurin Patel"]
[Black "Rohith S"]
[Result "1/2-1/2"]
[WhiteElo "2085"]
[BlackElo "1866"]
[WhiteFideId "25968343"]
[BlackFideId "45075360"]
[EventDate "2024.06.02"]

1. d4 Nf6 2. c4 g6 3. Nc3 Bg7 4. e4 d6 5. f4 O-O 6. Nf3 e5 7. dxe5 dxe5 8. Qxd8
Rxd8 9. Nxe5 Re8 10. Bd3 Na6 11. Be3 Nb4 12. Bb1 Ng4 13. Nxg4 Bxg4 14. a3 Bxc3+
15. bxc3 Nc6 16. Kf2 Be6 17. c5 Bb3 18. Bd4 Rad8 19. Ke3 f5 20. e5 Na5 21. Bd3
Bc4 22. Bc2 b6 23. Ba4 Re7 24. Rad1 Bb3 25. Bxb3+ Nxb3 26. cxb6 axb6 27. Rb1 Na5
28. Ke2 Nc4 29. Kd3 Na5 30. Kc2 Nc4 31. Rbd1 Red7 32. Rhe1 c5 33. e6 Rd6 34. e7
Re8 35. Bf2 Rxd1 36. Kxd1 Kf7 37. Bh4 Nxa3 38. Ke2 Nb5 39. Kd3 Nd6 40. Rb1 b5
41. Ra1 h6 42. Ra5 Ne4 43. g4 g5 44. fxg5 hxg5 45. gxf5 Rxe7 46. Bg3 Nxg3 47.
hxg3 g4 1/2-1/2

[Event "61st World Juniors 2024"]
[Site "Gandhinagar IND"]
[Date "2024.06.03"]
[Round "2.50"]
[White "Halynyazov, Vepaly"]
[Black "Sharnarthi Shlok"]
[Result "1/2-1/2"]
[WhiteElo "2058"]
[BlackElo "1838"]
[WhiteFideId "14004020"]
[BlackFideId "25977776"]
[EventDate "2024.06.02"]

1. d4 Nf6 2. Bf4 e6 3. Nf3 c5 4. e3 Qb6 5. Nc3 cxd4 6. Nb5 Nd5 7. Qxd4 Qxd4 8.
Nfxd4 Nxf4 9. exf4 Kd8 10. Nf3 a6 11. Ne5 Ke7 12. Nd6 Kxd6 13. Nxf7+ Ke7 14.
Nxh8 g6 15. h4 Bg7 16. h5 Bxb2 17. Rb1 Bxh8 18. hxg6 Bc3+ 19. Kd1 hxg6 20. Rh7+
Kd8 21. Rb3 Bd4 22. Rg3 Bxf2 23. Rxg6 b5 24. g4 Bb7 25. g5 Kc7 26. Rg8 Bd5 27.
g6 Bd4 28. g7 Bxg7 29. Rgxg7 Bxa2 30. Bh3 a5 31. Bf1 b4 32. Bb5 a4 33. Bxd7 Kd6
34. Be8 a3 35. Ra7 Rxa7 36. Rxa7 Bc4 37. Ra4 Na6 38. Kc1 Kc5 39. Ra5+ Kd4 40.
Bb5 Nc5 41. Bxc4 Kxc4 42. Kb1 Ne4 43. Re5 Nd2+ 44. Ka2 Nf3 45. Rxe6 Nd4 46. Re8
Nxc2 47. Rc8+ Kd3 48. f5 b3+ 49. Kxb3 Nd4+ 50. Kxa3 Nxf5 1/2-1/2

[Event "61st World Juniors 2024"]
[Site "Gandhinagar IND"]
[Date "2024.06.03"]
[Round "2.51"]
[White "Mizzi, Jack"]
[Black "De Maupeou D'ableiges, Alexandre"]
[Result "1-0"]
[WhiteTitle "CM"]
[WhiteElo "2051"]
[BlackElo "1831"]
[WhiteFideId "5602521"]
[BlackFideId "4313585"]
[EventDate "2024.06.02"]

1. d4 d5 2. c4 c6 3. e3 Nf6 4. Nc3 e6 5. Nf3 Be7 6. Bd3 O-O 7. O-O Nbd7 8. e4
dxe4 9. Nxe4 Nxe4 10. Bxe4 Nf6 11. Bc2 c5 12. Bg5 Qb6 13. Qd3 g6 14. dxc5 Qxc5
15. Qc3 Kg7 16. b4 Qc7 17. Be3 Kg8 18. Bd4 Nd7 19. c5 a5 20. a3 b6 21. c6 Ba6
22. cxd7 Qxc3 23. Bxc3 Bxf1 24. Kxf1 axb4 25. axb4 Rxa1+ 26. Bxa1 Rd8 27. Ne5
Kf8 28. Bd4 f6 29. Nc6 Rxd7 30. Bxb6 Rb7 31. Ba5 Bd6 32. f3 Rb5 33. Bd3 Rd5 34.
Ke2 Ke8 35. Bc4 Rg5 36. g4 Kd7 37. b5 h5 38. h3 hxg4 39. hxg4 Rc5 40. Kd3 f5 41.
Bb4 fxg4 42. Bxc5 Bxc5 43. fxg4 Ba3 44. Ne5+ 1-0

[Event "61st World Juniors 2024"]
[Site "Gandhinagar IND"]
[Date "2024.06.03"]
[Round "2.52"]
[White "Alhejab, Meshal"]
[Black "Oluka Robert Mcligeyo"]
[Result "0-1"]
[WhiteElo "1837"]
[BlackElo "2050"]
[WhiteFideId "10302603"]
[BlackFideId "10814647"]
[EventDate "2024.06.02"]

1. e4 e5 2. Nf3 Nc6 3. Bb5 a6 4. Ba4 Nf6 5. O-O Nxe4 6. Re1 Nc5 7. Bxc6 dxc6 8.
Nxe5 Be7 9. d4 Ne6 10. Be3 O-O 11. c4 Bg5 12. Nc3 Bxe3 13. fxe3 f6 14. Nf3 Re8
15. d5 cxd5 16. cxd5 Nf8 17. Nd4 Qd6 18. e4 Kh8 19. Rc1 Bd7 20. Qc2 c5 21. Nf3
Ng6 22. e5 Nxe5 23. Ne4 Nxf3+ 24. gxf3 Qxd5 25. Red1 Qc6 26. Rd6 Qc7 27. Qd2 Bc6
28. Rxc5 Rad8 29. b4 f5 30. Rxf5 Bxe4 0-1

[Event "61st World Juniors 2024"]
[Site "Gandhinagar IND"]
[Date "2024.06.03"]
[Round "2.53"]
[White "Makwana, Devam"]
[Black "Tleukhanov, Yerlan"]
[Result "0-1"]
[WhiteElo "1820"]
[BlackElo "2025"]
[WhiteFideId "25632566"]
[BlackFideId "13749692"]
[EventDate "2024.06.02"]

1. e4 c5 2. Nf3 Nc6 3. d3 g6 4. g3 Bg7 5. Bg2 Nf6 6. O-O O-O 7. Nbd2 d5 8. Re1
h6 9. c3 dxe4 10. dxe4 Be6 11. Qe2 Nd7 12. Nc4 b5 13. Ne3 b4 14. Bd2 Nb6 15.
cxb4 Nxb4 16. Bxb4 cxb4 17. Red1 Bd7 18. e5 Rc8 19. e6 fxe6 20. Ng4 Qe8 21. Bh3
e5 22. Rxd7 Nxd7 23. Qd3 Rd8 24. Kg2 Kh7 25. Rc1 Qf7 26. Qe4 Nf6 27. Qxb4 Nxg4
28. Bxg4 Rb8 29. Qe4 Rxb2 30. Qc6 Rb6 31. Qc2 0-1

[Event "61st World Juniors 2024"]
[Site "Gandhinagar IND"]
[Date "2024.06.03"]
[Round "2.54"]
[White "Bhoir Paras Dilip"]
[Black "Boricha Yohan"]
[Result "1-0"]
[WhiteElo "2016"]
[BlackElo "1811"]
[WhiteFideId "25763695"]
[BlackFideId "46672923"]
[EventDate "2024.06.02"]

1. e4 c5 2. Nf3 Nc6 3. Bb5 g6 4. O-O Nf6 5. Re1 Bg7 6. c3 O-O 7. d4 cxd4 8. cxd4
d5 9. e5 Ne8 10. h3 Nc7 11. Bxc6 bxc6 12. Nc3 Ba6 13. Be3 Ne6 14. Qd2 Rb8 15.
Rac1 Qa5 16. b3 Rfc8 17. Bh6 Qb4 18. Red1 Rd8 19. Bxg7 Kxg7 20. Na4 Rdc8 21. Ng5
Nxg5 22. Qxg5 h6 23. Qe3 Rc7 24. Nc5 Bc8 25. e6 f6 26. Qg3 Qb6 27. f4 Rbb7 28.
f5 g5 29. Qf3 1-0

[Event "61st World Juniors 2024"]
[Site "Gandhinagar IND"]
[Date "2024.06.03"]
[Round "2.55"]
[White "Mankga, Thabang"]
[Black "Sriansh Das"]
[Result "0-1"]
[WhiteElo "1817"]
[BlackElo "2016"]
[WhiteFideId "14334798"]
[BlackFideId "45030081"]
[EventDate "2024.06.02"]

1. d4 d5 2. Bf4 Nf6 3. e3 e6 4. Nf3 Bd6 5. Bg3 c5 6. c3 Qc7 7. Nbd2 Nbd7 8. Bd3
b6 9. Rc1 Bb7 10. Qe2 Ne4 11. O-O O-O 12. c4 Bxg3 13. hxg3 Ndf6 14. Ne5 Nxd2 15.
Qxd2 cxd4 16. exd4 dxc4 17. Bxc4 Qd6 18. Rfd1 Rac8 19. Be2 h6 20. a3 Rfd8 21.
Bf3 Rxc1 22. Qxc1 Rc8 23. Qd2 Bxf3 24. Nxf3 Qc7 25. Ne1 Qc4 26. Qd3 Qc6 27. Qf3
Qa4 28. Qd3 Rd8 29. Nf3 Rc8 30. Ne1 Nd5 31. Kf1 Ne7 32. Rd2 Rd8 33. Qc2 Qb5+ 34.
Kg1 Nc6 35. Nf3 Qd5 36. Qc3 Rc8 37. Rc2 Ne7 38. Qd3 Rxc2 39. Qxc2 Nc6 40. Qc3 f6
41. Kf1 Kf7 42. b3 h5 43. Qc4 Qxc4+ 44. bxc4 g5 45. d5 exd5 46. cxd5 Ne7 47. d6
Nf5 48. d7 Ke7 0-1

[Event "61st World Juniors 2024"]
[Site "Gandhinagar IND"]
[Date "2024.06.03"]
[Round "2.56"]
[White "Sharon, Rafael"]
[Black "Vengatesh, Krishnan C"]
[Result "1-0"]
[WhiteElo "2015"]
[BlackElo "1790"]
[WhiteFideId "74601580"]
[BlackFideId "45050457"]
[EventDate "2024.06.02"]

1. d4 Nf6 2. c4 e6 3. g3 d5 4. Nf3 Bb4+ 5. Bd2 Be7 6. Bg2 O-O 7. O-O b6 8. cxd5
Nxd5 9. e4 Nf6 10. Re1 Bb7 11. Nc3 h6 12. e5 Nd5 13. Ne4 Nd7 14. a3 a5 15. Qc1
Kh7 16. Rb1 a4 17. Qc2 Kg8 18. Nc3 Nxc3 19. Bxc3 Ra7 20. Rbd1 Qa8 21. d5 Bc5 22.
dxe6 fxe6 23. Rxd7 Bxf3 24. Qg6 Bxf2+ 25. Kxf2 Be4+ 26. Ke3 Bxg6 27. Bxa8 Raxa8
28. Rxc7 Bh5 29. Ke4 Rf7 1-0

[Event "61st World Juniors 2024"]
[Site "Gandhinagar IND"]
[Date "2024.06.03"]
[Round "2.57"]
[White "Piyush, Kumar"]
[Black "Saryyev, Azym"]
[Result "0-1"]
[WhiteElo "1795"]
[BlackElo "1999"]
[WhiteFideId "25674927"]
[BlackFideId "14004801"]
[EventDate "2024.06.02"]

1. e4 e6 2. d4 d5 3. Nc3 Nf6 4. e5 Nfd7 5. f4 c5 6. Nf3 Nc6 7. Be3 a6 8. a3 b5
9. Bd3 Qb6 10. O-O cxd4 11. Bf2 Nc5 12. Nxd4 Nxd3 13. Qxd3 Bc5 14. Nce2 Nxd4 15.
Bxd4 b4 16. axb4 Qxb4 17. c3 Qb6 18. b4 Bxd4+ 19. Nxd4 O-O 20. Ra5 Bd7 21. Rfa1
Bb5 22. Qxb5 axb5 23. Rxa8 g6 24. R1a6 Qc7 25. Rc6 Qb7 26. Rxf8+ Kxf8 27. Rc5
Qa7 28. g3 Qa1+ 29. Kg2 Qb2+ 30. Kh3 Qf2 31. Nxb5 Qf1+ 32. Kh4 0-1

[Event "61st World Juniors 2024"]
[Site "Gandhinagar IND"]
[Date "2024.06.03"]
[Round "2.58"]
[White "Jain, Kushagra"]
[Black "Dhairya Amit Shroff"]
[Result "1-0"]
[WhiteElo "1996"]
[BlackElo "1459"]
[WhiteFideId "66607663"]
[BlackFideId "33402094"]
[EventDate "2024.06.02"]

1. e4 e6 2. d4 d5 3. e5 c5 4. c3 Nc6 5. Nf3 Qb6 6. Bd3 cxd4 7. O-O Bd7 8. Re1
Bc5 9. b4 Be7 10. b5 Na5 11. Nxd4 Bc5 12. Qg4 Ne7 13. a4 Rc8 14. Nd2 Ng6 15.
N2f3 Be7 16. Be3 Nc4 17. Bg5 Bxg5 18. Qxg5 Nb2 19. Bc2 Qa5 20. h4 Rg8 21. h5 h6
22. Qc1 Rxc3 23. Qxb2 Nf4 24. Re3 Rxe3 25. fxe3 Nxh5 26. g4 Ng3 27. Kg2 Ne4 28.
Bxe4 dxe4 29. Nd2 Qc7 30. N4b3 f6 31. Nxe4 fxe5 32. Rc1 Qb8 33. Rd1 b6 34. Nd6+
Ke7 35. Qxe5 Qd8 36. Nd4 Qa8+ 37. e4 g6 38. Rf1 a6 39. Rf7+ Kd8 40. Rxd7+ Kxd7
41. Qxe6+ Kc7 42. Qe7+ Kb8 43. Nc6+ Qxc6 44. bxc6 Rg7 45. Qd8+ Ka7 46. c7 a5 47.
Qb8+ Ka6 48. c8=Q+ Rb7 49. Qa8# 1-0

[Event "61st World Juniors 2024"]
[Site "Gandhinagar IND"]
[Date "2024.06.03"]
[Round "2.59"]
[White "Bedi, Vaibhav"]
[Black "Kuandykuly, Danis"]
[Result "0-1"]
[WhiteElo "1706"]
[BlackElo "1989"]
[WhiteFideId "7501900"]
[BlackFideId "13752260"]
[EventDate "2024.06.02"]

1. e4 c5 2. Nf3 d6 3. Bb5+ Nc6 4. O-O Bd7 5. Re1 Nf6 6. Nc3 a6 7. Bxc6 Bxc6 8.
d4 cxd4 9. Nxd4 e6 10. Nxc6 bxc6 11. Bg5 Be7 12. e5 dxe5 13. Qxd8+ Bxd8 14. Ne4
Nxe4 15. Bxd8 Nxf2 16. Kxf2 Rxd8 17. Rxe5 Rd2+ 18. Re2 Rxe2+ 19. Kxe2 Ke7 20.
Rf1 Rb8 21. b3 Rb5 22. Kd3 Rf5 23. Rxf5 exf5 24. Kd4 Kd6 25. h4 g6 26. g3 h6 27.
b4 f6 28. c4 c5+ 29. bxc5+ Kc6 30. h5 g5 31. a3 a5 32. a4 f4 33. gxf4 gxf4 0-1